Nagła śmierć - nagła śmierć - Statystyki

Ogólne statystyki
  • Ten quiz został rozwiązany 17 243 razy
  • Średni wynik to 5 z 16
Answers on the Grid
Answers color-coded by a green-red scale on the quiz's grid according to % correct below.
Adolf Hitler
Al Pacino
Betty White
Bruce Lee
Buzz Aldrin
Christopher Lee
Clint Eastwood
David Attenborough
Franciszek Ferdynand Habsburg
Gabriel Narutowicz
Heath Ledger
Jack Lemmon
James Dean
Janusz Kusociński
Jarosław Kaczyński
Jimmy Carter
John F. Kennedy
John Lennon
Juliusz Cezar
Katherine Hepburn
Kobe Bryant
Królowa Wiktoria
Księżniczka Diana
Kurt Cobain
Lech Kaczyński
Mahatma Gandhi
Mel Brooks
Michael Douglas
Mick Jagger
Osama Bin Laden
Paul McCartney
Thomas Jefferson
 
Statystyki odpowiedzi
Odpowiedź % Poprawnych
Adolf Hitler
94%
Lech Kaczyński
44%
John F. Kennedy
41%
Gabriel Narutowicz
38%
Bruce Lee
35%
Juliusz Cezar
35%
Kobe Bryant
34%
Osama Bin Laden
33%
Księżniczka Diana
32%
Franciszek Ferdynand Habsburg
31%
Kurt Cobain
28%
John Lennon
26%
Heath Ledger
19%
Janusz Kusociński
12%
Mahatma Gandhi
12%
James Dean
10%
Nie znaleziono quizów pasujących do podanych kryteriów
Rozkład punktacji
Procent ludzi z każdym wynikiem
Percentyl według liczby udzielonych odpowiedzi
Twoja historia wyników
Nie rozwiązałeś tego quizu